[Event "FIN-chT 0102 qual"]
[Site "Finland"]
[Date "2002.04.??"]
[Round "2.1"]
[White "Salo, Tapio"]
[Black "Hermlin, Aarne"]
[Result "1-0"]
[WhiteElo "2311"]
[BlackElo "2281"]
[PlyCount "105"]
[EventDate "2002.04.??"]
[EventType "team-k.o."]
[EventRounds "2"]
[EventCountry "FIN"]
[SourceTitle "EXT 2022"]
[Source "ChessBase"]
[SourceDate "2021.10.06"]
[SourceVersion "1"]
[SourceVersionDate "2021.10.06"]
[SourceQuality "1"]
[WhiteTeam "Salo SK"]
[BlackTeam "Vammala SK"]
[WhiteTeamCountry "FIN"]
[BlackTeamCountry "FIN"]

1. d4 Nf6 2. Nf3 g6 3. g3 Bg7 4. Bg2 0-0 5. c4 d6 6. 0-0 Nbd7 7. Qc2 e5 8. dxe5 dxe5 9. Rd1 Re8 10. e4 c6 11. h3 h6 12. Be3 Qe7 13. c5 Bf8 14. Rc1 b6 15. b4 bxc5 16. bxc5 Qe6 17. Bf1 a5 18. Nbd2 Ba6 19. Bxa6 Rxa6 20. Kg2 Raa8 21. Nc4 g5 22. Nfd2 Nh5 23. f3 Red8 24. Nb6 Rab8 25. Rd1 Ng7 26. Nxd7 Rxd7 27. Nc4 Rbd8 28. Rxd7 Rxd7 29. Nxa5 f5 30. g4 fxg4 31. fxg4 h5 32. Qc4 hxg4 33. hxg4 Kh7 34. Qxe6 Nxe6 35. Nxc6 Bxc5 36. Bxc5 Nxc5 37. Nxe5 Rd2+ 38. Kf3 Rb2 39. Nc4 Rc2 40. Ne3 Rh2 41. Nf5 Rc2 42. e5 Kg6 43. a4 Rc4 44. Ne3 Rf4+ 45. Ke2 Rxa4 46. Rxa4 Nxa4 47. Kd3 Kf7 48. Kd4 Ke6 49. Nc4 Ke7 50. Nd2 Nb2 51. Nf3 Nd1 52. Ke4 Nf2+ 53. Kf5 1-0

[Event "Vammala We VammSK op"]
[Site "Vammala"]
[Date "2002.??.??"]
[Round "3"]
[White "Alho, Sauli"]
[Black "Hermlin, Aarne"]
[Result "1/2-1/2"]
[WhiteElo "2068"]
[BlackElo "2285"]
[PlyCount "70"]
[EventDate "2002.08.??"]
[EventType "swiss"]
[EventRounds "5"]
[EventCountry "FIN"]
[SourceTitle "EXT 2004"]
[Source "ChessBase"]
[SourceDate "2003.11.25"]
[SourceVersion "1"]
[SourceVersionDate "2003.11.25"]
[SourceQuality "1"]

1. e4 e5 2. Nf3 d6 3. d4 exd4 4. Nxd4 g6 5. c4 Bg7 6. Be3 Nf6 7. f3 0-0 8. Qd2 Re8 9. Nc3 Na6 10. Be2 c6 11. 0-0 d5 12. cxd5 cxd5 13. Bxa6 bxa6 14. Nc6 Qd7 15. exd5 Bb7 16. Nb4 a5 17. Nc2 Nxd5 18. Rad1 Qc7 19. Nxd5 Bxd5 20. Qxd5 Qxc2 21. Rd2 Qc7 22. Rfd1 Rac8 23. Bf2 Be5 24. g3 Bf6 25. b3 Red8 26. Qe4 Rxd2 27. Rxd2 Qc1+ 28. Qe1 Qxe1+ 29. Bxe1 Bc3 30. Re2 Bxe1 31. Rxe1 Rc2 32. a4 Rb2 33. Re5 Rxb3 34. Rxa5 Rxf3 35. Rxa7 Ra3 1/2-1/2